000 00312nam a2200121Ia 4500
008 190723s9999 xx 000 0 und d
020 _a978-0-670-08895-9
100 _aAshok Soota
245 0 _aEntrepreneurship Simplifed from Idea to IPO
260 _aIndia
_bMCGraw Hill
_c2016
300 _a233
942 _cBK
999 _c1345
_d1345